00925nam a22002777a 45000010005000000030006000050050017000110080041000280200018000690400029000870500015001160820011001311000018001422450045001602500049002052600043002543000048002974900020003455050008003655200136003735210021005095210020005306500037005506500029005877000031006165208FISKH20241119094920.0241119b cb ||||| |||| 00| 0 eng d a9780761309352 aFISKHbengcFISKHdFISKH aQD501.R544 a540.78 aRichards, Jon aChemicals & Reactions /cby Jon Richards aFirst published in the United States in 2000 aLondon :bAladddin Books Ltd ;c2000 . a32 pages : bcolor illustrations ;c29 cm . aScience Factory aZ  aDescribes experiments that demonstrate such chemical reactions as freezing, dissolving, and filtering and explains why they happen.8 a1110 bLexile 8 aZ bRaz-Plus  ascience experimentsvnon-fiction ahomeschoolvnon-fiction  aMoores, Ian eillustrator